000 00182nam a2200085Ia 4500
942 _cBK
245 0 _aRUTH FIRST
100 _aPINNOCK DON
008 210804s9999 xx 000 0 und d
999 _c49515
_d49514